[Event "CAN op"]
[Site "Calgary CAN"]
[Date "2023.07.25"]
[Round "5.29"]
[White "Zacharias, Nicholas"]
[Black "Marchand, Calix"]
[Result "0-1"]
[WhiteElo "1843"]
[BlackElo "2101"]
[PlyCount "42"]
[EventDate "2023.07.22"]
[EventType "swiss"]
[EventRounds "10"]
[EventCountry "CAN"]

1. e4 c5 2. Nf3 e6 3. b4 cxb4 4. d4 Nf6 5. Bd3 d5 6. e5 Ne4 7. a3 Nc6 8. O-O
Be7 9. axb4 Nxb4 10. Ne1 Qb6 11. Kh1 Bd7 12. f3 Qxd4 13. c3 Nxc3 14. Bb2 Nxd1
15. Bxd4 Nc6 16. Bg1 Nb2 17. Be2 Nxe5 18. Bd4 Nbc4 19. f4 Nc6 20. Bxg7 Rg8 21.
Bh6 Bf6 0-1

[Event "CAN op"]
[Site "Calgary CAN"]
[Date "2023.07.25"]
[Round "5.30"]
[White "Superceanu, Andi"]
[Black "Sembrano, Joshua"]
[Result "1-0"]
[WhiteElo "2095"]
[BlackElo "1825"]
[PlyCount "79"]
[EventDate "2023.07.22"]
[EventType "swiss"]
[EventRounds "10"]
[EventCountry "CAN"]

1. e4 d6 2. d4 Nf6 3. Nc3 e5 4. dxe5 dxe5 5. Qxd8+ Kxd8 6. Bg5 Be6 7. O-O-O+
Nbd7 8. f3 c6 9. g3 Kc7 10. Bg2 h6 11. Be3 Bc5 12. Bxc5 Nxc5 13. Nh3 Rad8 14.
Nf2 a5 15. Nd3 Nxd3+ 16. Rxd3 Bc4 17. Rd2 Rxd2 18. Kxd2 Rd8+ 19. Ke3 Nd7 20. f4
f6 21. b3 Bf7 22. a4 Bh5 23. Bf1 Bf7 24. Be2 Be6 25. f5 Bf7 26. Rg1 Nc5 27. Rf1
Nd7 28. Nb1 b6 29. g4 Nf8 30. h4 Kd6 31. Rd1+ Ke7 32. Rg1 g5 33. Nd2 Nd7 34.
Rh1 Rh8 35. hxg5 fxg5 36. Nf3 c5 37. Nxg5 Nf6 38. Nxf7 Kxf7 39. g5 Ne8 40. Bh5+
1-0

[Event "CAN op"]
[Site "Calgary CAN"]
[Date "2023.07.25"]
[Round "5.31"]
[White "Offengenden, Ron"]
[Black "Wu, Jonathan"]
[Result "1/2-1/2"]
[WhiteElo "1812"]
[BlackElo "2075"]
[PlyCount "99"]
[EventDate "2023.07.22"]
[EventType "swiss"]
[EventRounds "10"]
[EventCountry "CAN"]

1. e4 c5 2. c3 Nf6 3. e5 Nd5 4. d4 cxd4 5. Nf3 d6 6. cxd4 Nc6 7. Bc4 Nb6 8. Bb5
dxe5 9. Nxe5 Bd7 10. Nxd7 Qxd7 11. Nc3 e6 12. O-O Rd8 13. Be3 Be7 14. Qf3 O-O
15. Rad1 Nd5 16. Ne4 Nxe3 17. fxe3 Qd5 18. Nc3 Qxf3 19. Rxf3 a6 20. Bxc6 bxc6
21. Rc1 c5 22. Ne2 cxd4 23. exd4 Bf6 24. Ra3 Rd6 25. Ra4 Rfd8 26. Rc5 g6 27.
Kf2 Rxd4 28. Nxd4 Bxd4+ 29. Rxd4 Rxd4 30. Ke3 Rd6 31. b4 Kg7 32. a4 Kf6 33. b5
e5 34. g4 g5 35. a5 axb5 36. Rxb5 Ke6 37. Rc5 Rd5 38. Rc6+ Rd6 39. Rc5 f6 40.
h3 Ra6 41. Ke4 h6 42. Rc1 Rxa5 43. Rc6+ Ke7 44. Kf5 e4+ 45. Kxe4 Re5+ 46. Kf3
Kf7 47. Rc3 f5 48. gxf5 Rxf5+ 49. Kg4 Rf4+ 50. Kg3 1/2-1/2

[Event "CAN op"]
[Site "Calgary CAN"]
[Date "2023.07.25"]
[Round "5.32"]
[White "Su, Ethan"]
[Black "Pottinger, Carl"]
[Result "1-0"]
[WhiteElo "2071"]
[BlackElo "1822"]
[PlyCount "37"]
[EventDate "2023.07.22"]
[EventType "swiss"]
[EventRounds "10"]
[EventCountry "CAN"]

1. d4 Nf6 2. c4 e6 3. g3 d5 4. Nf3 b6 5. Bg2 Bb7 6. O-O Nbd7 7. b3 Be7 8. Nc3
O-O 9. Bb2 c5 10. cxd5 Nxd5 11. Qd2 N7f6 12. Rfd1 Nxc3 13. Qxc3 cxd4 14. Nxd4
Nd5 15. Bxd5 Qxd5 16. Nc6 Qxd1+ 17. Rxd1 Bf6 18. Ne7+ Kh8 19. Qxf6 1-0

[Event "CAN op"]
[Site "Calgary CAN"]
[Date "2023.07.25"]
[Round "5.33"]
[White "Gebhardt, David"]
[Black "Mok, Gillian"]
[Result "0-1"]
[WhiteElo "1771"]
[BlackElo "1999"]
[PlyCount "22"]
[EventDate "2023.07.22"]
[EventType "swiss"]
[EventRounds "10"]
[EventCountry "CAN"]

1. e4 e5 2. Nf3 Nc6 3. Bc4 Nf6 4. d3 Bc5 5. Bg5 d6 6. Nc3 h6 7. Bh4 g5 8. Bg3
a6 9. h4 g4 10. Nd2 Be6 11. Bxe6 fxe6 0-1

[Event "CAN op"]
[Site "Calgary CAN"]
[Date "2023.07.25"]
[Round "5.34"]
[White "Li, Adam"]
[Black "Xu, Leon"]
[Result "1-0"]
[WhiteElo "1988"]
[BlackElo "1811"]
[PlyCount "89"]
[EventDate "2023.07.22"]
[EventType "swiss"]
[EventRounds "10"]
[EventCountry "CAN"]

1. e4 e5 2. Nf3 Nc6 3. Bc4 Bc5 4. c3 Nf6 5. d3 d6 6. Nbd2 O-O 7. h3 h6 8. Qe2
a6 9. Bb3 Kh8 10. Nf1 Ba7 11. g4 Nh7 12. Rg1 Be6 13. g5 Bxb3 14. axb3 h5 15. g6
fxg6 16. Rxg6 Qe8 17. Rg2 Qe6 18. Nh4 Ne7 19. Qxh5 Qf7 20. Qxf7 Rxf7 21. Ne3
Raf8 22. Nef5 Nxf5 23. Nxf5 Nf6 24. Ke2 Kh7 25. Be3 Bxe3 26. fxe3 d5 27. Rag1
Rg8 28. exd5 Nxd5 29. Rg4 g5 30. Rxg5 Rxg5 31. Rxg5 Nb6 32. e4 Nd7 33. b4 c5
34. h4 cxb4 35. Rh5+ Kg8 36. Nh6+ Kg7 37. Nxf7 bxc3 38. bxc3 Kxf7 39. Rh7+ Ke6
40. d4 exd4 41. cxd4 a5 42. d5+ Kd6 43. Rxd7+ Kxd7 44. h5 a4 45. h6 1-0

[Event "CAN op"]
[Site "Calgary CAN"]
[Date "2023.07.25"]
[Round "5.35"]
[White "Bulga, Tamir"]
[Black "Radic, Dejan"]
[Result "1/2-1/2"]
[WhiteElo "1961"]
[BlackElo "1746"]
[PlyCount "26"]
[EventDate "2023.07.22"]
[EventType "swiss"]
[EventRounds "10"]
[EventCountry "CAN"]

1. Nf3 c5 2. e3 g6 3. c4 Bg7 4. Nc3 Nf6 5. b3 O-O 6. Bb2 d5 7. d4 cxd4 8. exd4
Nc6 9. Be2 Bg4 10. c5 Ne4 11. Ne5 Bxe2 12. Nxc6 bxc6 13. Nxe2 Qa5+ 1/2-1/2

[Event "CAN op"]
[Site "Calgary CAN"]
[Date "2023.07.25"]
[Round "5.36"]
[White "Douglas, Richard"]
[Black "McCoshen, Ricky"]
[Result "1-0"]
[WhiteElo "1950"]
[BlackElo "1717"]
[PlyCount "99"]
[EventDate "2023.07.22"]
[EventType "swiss"]
[EventRounds "10"]
[EventCountry "CAN"]

1. f4 d5 2. Nf3 Nf6 3. e3 c5 4. Be2 Bg4 5. h3 Bxf3 6. Bxf3 Nc6 7. d3 e5 8. O-O
Be7 9. Nc3 h5 10. e4 d4 11. Nd5 Bd6 12. fxe5 Nxe5 13. Bg5 Nxd5 14. Bxd8 Ne3 15.
Qe2 Rxd8 16. Bxh5 g6 17. Bf3 Rh4 18. Qf2 g5 19. Rae1 Nxf1 20. Rxf1 Rd7 21. Bd1
Rf4 22. Qe1 Ng6 23. g3 Rxf1+ 24. Kxf1 Re7 25. Qf2 Re6 26. Bg4 Re7 27. Qf5 Kf8
28. Kg2 Rc7 29. Qxg5 Be7 30. Qh6+ Ke8 31. Bf5 Rc6 32. Bxg6 Rxg6 33. Qh8+ Kd7
34. Qb8 Rb6 35. b3 a6 36. Qg8 Rf6 37. h4 b5 38. h5 Bd6 39. g4 Be5 40. h6 Ke7
41. h7 Rg6 42. h8=Q Bxh8 43. Qxh8 Rxg4+ 44. Kf3 Rg5 45. Kf4 f6 46. Qc8 Rg2 47.
Qxc5+ Kf7 48. Qxd4 Rxc2 49. Qa7+ Kg6 50. Qxa6 1-0

[Event "CAN op"]
[Site "Calgary CAN"]
[Date "2023.07.25"]
[Round "5.37"]
[White "Zhong, April"]
[Black "Mok, Erwin"]
[Result "0-1"]
[WhiteElo "1938"]
[BlackElo "1694"]
[PlyCount "70"]
[EventDate "2023.07.22"]
[EventType "swiss"]
[EventRounds "10"]
[EventCountry "CAN"]

1. e4 c5 2. Nf3 d6 3. Bb5+ Bd7 4. Bxd7+ Qxd7 5. O-O Nc6 6. c3 d5 7. exd5 Qxd5
8. d4 e6 9. Be3 cxd4 10. Nxd4 Nf6 11. Qe2 Be7 12. Rd1 Rd8 13. Nd2 a6 14. N2b3
Nxd4 15. Bxd4 Qc6 16. Rd2 O-O 17. Rad1 b5 18. Qe3 Nd5 19. Qg3 f6 20. Na5 Qa8
21. Qg4 e5 22. Qe6+ Kh8 23. Bxe5 fxe5 24. Rxd5 Qa7 25. R1d2 Rxd5 26. Qxd5 Bc5
27. Qxe5 Bxf2+ 28. Kh1 Be3 29. Rd1 Qd7 30. Re1 Qd2 31. Ra1 Qe2 32. Rg1 Qf2 33.
Qxe3 Qxe3 34. Nb3 Qe2 35. Nc5 Rf1 0-1

[Event "CAN op"]
[Site "Calgary CAN"]
[Date "2023.07.25"]
[Round "5.38"]
[White "Heran-Boily, Samuel"]
[Black "Deepak, Laksshana"]
[Result "0-1"]
[WhiteElo "1936"]
[BlackElo "1681"]
[PlyCount "104"]
[EventDate "2023.07.22"]
[EventType "swiss"]
[EventRounds "10"]
[EventCountry "CAN"]

1. e4 c5 2. Nf3 a6 3. c4 Nc6 4. d4 cxd4 5. Nxd4 d6 6. Be2 Nf6 7. Nc3 g6 8. O-O
Bg7 9. Be3 O-O 10. a3 Bd7 11. b4 Rc8 12. Rc1 Ne5 13. Qb3 Neg4 14. Bg5 Nxe4 15.
Nxe4 Bxd4 16. Nxd6 h6 17. Nxb7 Qc7 18. Bxg4 Bxg4 19. Bxh6 Qxb7 20. Bxf8 Kxf8
21. c5 Qc6 22. a4 Bd7 23. Rfd1 e5 24. a5 Be6 25. Qg3 Rc7 26. Qh4 Rd7 27. Qh8+
Ke7 28. Qh4+ f6 29. Rd2 Bc3 30. Rdc2 Bd4 31. Qh7+ Bf7 32. Re1 Rb7 33. Rc4 Qd5
34. Rec1 Bb2 35. c6 Bxc1 36. Rxc1 Rxb4 37. Qh3 Qxc6 38. Qe3 Rc4 39. Rb1 Qc7 40.
h3 Qxa5 41. Rd1 Qc5 42. Qf3 Rc1 43. Qb7+ Kf8 44. Rxc1 Qxc1+ 45. Kh2 Qa1 46. h4
a5 47. g4 Qf1 48. Kg3 Qg1+ 49. Kh3 Qxf2 50. Qa8+ Kg7 51. h5 gxh5 52. gxh5 Be6#
0-1

[Event "CAN op"]
[Site "Calgary CAN"]
[Date "2023.07.25"]
[Round "5.39"]
[White "Sazon, Omar"]
[Black "Zhang, Brian"]
[Result "0-1"]
[WhiteElo "1642"]
[BlackElo "1926"]
[PlyCount "78"]
[EventDate "2023.07.22"]
[EventType "swiss"]
[EventRounds "10"]
[EventCountry "CAN"]

1. b3 d5 2. Bb2 Bf5 3. e3 e6 4. Nf3 Nf6 5. c4 c6 6. Be2 h6 7. O-O Be7 8. d4 O-O
9. Nc3 Nbd7 10. h3 Bd6 11. Bd3 Ne4 12. Qc2 Nxc3 13. Bxf5 exf5 14. Bxc3 g6 15.
Ne5 Re8 16. f4 Nf6 17. Qe2 Ne4 18. Be1 Bxe5 19. dxe5 dxc4 20. Qxc4 Qb6 21. Qe2
Rad8 22. Rc1 Rd5 23. Rc2 Red8 24. Kh2 Rd3 25. Rf3 h5 26. Rc4 R8d5 27. Rd4 R3xd4
28. exd4 Qxd4 29. Bf2 Qa1 30. Rd3 Rxd3 31. Qxd3 Nxf2 32. Qd8+ Kh7 33. Qa5 Qh1+
34. Kg3 Ne4+ 35. Kf3 Qf1+ 36. Ke3 Qxg2 37. e6 fxe6 38. Qc7+ Kh6 39. Qd8 Qf2+
0-1

[Event "CAN op"]
[Site "Calgary CAN"]
[Date "2023.07.25"]
[Round "5.41"]
[White "Boehmer, Kris"]
[Black "Ming, Jerry"]
[Result "1/2-1/2"]
[WhiteElo "2142"]
[BlackElo "1756"]
[PlyCount "39"]
[EventDate "2023.07.22"]
[EventType "swiss"]
[EventRounds "10"]
[EventCountry "CAN"]

1. d4 d5 2. c4 e6 3. Nf3 a6 4. g3 dxc4 5. Bg2 b5 6. a4 Bb7 7. axb5 axb5 8. Rxa8
Bxa8 9. O-O Nf6 10. b3 c5 11. bxc4 bxc4 12. Qa4+ Bc6 13. Qxc4 cxd4 14. Rd1 Be7
15. Bf4 Bd5 16. Qxd4 O-O 17. Nc3 Bxf3 18. Bxf3 Qxd4 19. Rxd4 Nbd7 20. Rc4
1/2-1/2

[Event "CAN op"]
[Site "Calgary CAN"]
[Date "2023.07.25"]
[Round "5.42"]
[White "Ntete, Cally"]
[Black "Xu, Philip"]
[Result "0-1"]
[WhiteElo "1650"]
[BlackElo "1878"]
[PlyCount "106"]
[EventDate "2023.07.22"]
[EventType "swiss"]
[EventRounds "10"]
[EventCountry "CAN"]

1. d4 d5 2. c4 c6 3. Nc3 Nf6 4. Bg5 e6 5. e3 Nbd7 6. Nf3 Be7 7. Bd3 dxc4 8.
Bxc4 b5 9. Bd3 Bb7 10. O-O O-O 11. Rc1 a6 12. Bb1 Nd5 13. Bxe7 Qxe7 14. Nxd5
exd5 15. Qc2 g6 16. h4 Rac8 17. Qd3 c5 18. dxc5 Rxc5 19. Rxc5 Qxc5 20. Nd4 Ne5
21. Qe2 Qc4 22. Qd2 Rc8 23. Qd1 h5 24. Qd2 b4 25. f4 Ng4 26. f5 Qc7 27. Nf3 g5
28. hxg5 d4 29. e4 Rd8 30. Bd3 Qg3 31. Qe1 Qf4 32. Qd2 Ne3 33. Rf2 Qg3 34. Qxb4
Ng4 35. Re2 Rc8 36. Qe1 Qf4 37. Rc2 Re8 38. Re2 Rc8 39. Qh4 Rc1+ 40. Re1 Qe3+
41. Kh1 Rxe1+ 42. Nxe1 Nf2+ 43. Kh2 Qxe1 44. g6 Qh1+ 45. Kg3 Qxh4+ 46. Kxh4
Nxd3 47. gxf7+ Kxf7 48. Kxh5 Bxe4 49. g4 Ne5 50. Kg5 d3 51. Kf4 d2 52. Kxe5
d1=Q 53. Kxe4 Qxg4+ 0-1

[Event "CAN op"]
[Site "Calgary CAN"]
[Date "2023.07.25"]
[Round "5.43"]
[White "Miller, Brian"]
[Black "Ratte, Cameron"]
[Result "0-1"]
[WhiteElo "1677"]
[BlackElo "1848"]
[PlyCount "74"]
[EventDate "2023.07.22"]
[EventType "swiss"]
[EventRounds "10"]
[EventCountry "CAN"]

1. d4 e6 2. Nf3 f5 3. c4 Nf6 4. Nc3 Bb4 5. Bd2 O-O 6. e3 b6 7. Be2 Bb7 8. O-O
Qe7 9. a3 Bxc3 10. Bxc3 Ne4 11. d5 Nxc3 12. bxc3 e5 13. Qc2 d6 14. Rfd1 Nd7 15.
Rab1 Rf6 16. Ng5 Nc5 17. Nf3 Raf8 18. Nd2 Rh6 19. f3 Qh4 20. Nf1 f4 21. e4 g5
22. Qd2 Bc8 23. Qe1 Qh5 24. Qf2 Rhf6 25. Rd2 Qg6 26. Bd3 h5 27. Bc2 R8f7 28.
Kh1 g4 29. Re2 Rg7 30. Nd2 g3 31. hxg3 fxg3 32. Qe3 h4 33. Rf1 h3 34. f4 Qh6
35. f5 hxg2+ 36. Kxg2 Qh2+ 37. Kf3 g2 0-1

[Event "CAN op"]
[Site "Calgary CAN"]
[Date "2023.07.25"]
[Round "5.44"]
[White "Hooshdaran, Soheil"]
[Black "Daniluk, Jim"]
[Result "1-0"]
[WhiteElo "1617"]
[BlackElo "1844"]
[PlyCount "65"]
[EventDate "2023.07.22"]
[EventType "swiss"]
[EventRounds "10"]
[EventCountry "CAN"]

1. e4 c5 2. Nf3 Nc6 3. d4 cxd4 4. Nxd4 Nf6 5. Nc3 e5 6. Ndb5 d6 7. Nd5 Nxd5 8.
exd5 Nb8 9. c4 Be7 10. f4 Bf6 11. Be2 O-O 12. O-O a6 13. Qa4 Nd7 14. Qa3 Nc5
15. Be3 exf4 16. Bxf4 axb5 17. Qxa8 Qb6 18. Qa3 Bxb2 19. Qe3 Bxa1 20. Rxa1 Bd7
21. cxb5 Re8 22. Qf2 Qa5 23. Bh5 Nd3 24. Bd2 Qxb5 25. Qxf7+ Kh8 26. Rf1 Rg8 27.
Qf3 Qc4 28. Qe3 Qc5 29. Qxc5 Nxc5 30. Bf4 Ne4 31. Re1 Nc3 32. Bxd6 Rf8 33. Bxf8
1-0

[Event "CAN op"]
[Site "Calgary CAN"]
[Date "2023.07.25"]
[Round "5.45"]
[White "Zhao, Erin"]
[Black "Yang, Henry"]
[Result "0-1"]
[WhiteElo "1613"]
[BlackElo "1618"]
[PlyCount "59"]
[EventDate "2023.07.22"]
[EventType "swiss"]
[EventRounds "10"]
[EventCountry "CAN"]

1. e4 e5 2. Nf3 Nc6 3. d4 exd4 4. Bc4 Bc5 5. O-O Nf6 6. e5 d5 7. exf6 dxc4 8.
fxg7 Rg8 9. Bg5 f6 10. Re1+ Kf7 11. Bh6 Re8 12. Nbd2 Bf5 13. Rxe8 Qxe8 14. Nh4
Bg6 15. Qf3 Qe6 16. Nxg6 Kxg6 17. Ne4 Kxh6 18. Nxc5 Qe5 19. Nd7 Qe7 20. Nxf6
Kxg7 21. Nd5 Qe5 22. Qg4+ Kh8 23. Nf4 Re8 24. g3 Nb4 25. Qh4 Qf5 26. c3 Nc2 27.
Rd1 d3 28. h3 Ne1 29. Qh6 Nf3+ 30. Kg2 0-1

[Event "CAN op"]
[Site "Calgary CAN"]
[Date "2023.07.25"]
[Round "5.46"]
[White "Ramalho, David"]
[Black "Gibson, Leroy"]
[Result "1-0"]
[WhiteElo "1803"]
[BlackElo "1686"]
[PlyCount "155"]
[EventDate "2023.07.22"]
[EventType "swiss"]
[EventRounds "10"]
[EventCountry "CAN"]

1. e4 d5 2. exd5 Qxd5 3. Nc3 Qa5 4. d4 c6 5. Nf3 Bg4 6. h3 Bh5 7. Bd2 Qc7 8. g4
Bg6 9. Ne5 Nd7 10. Nxg6 hxg6 11. Qe2 Ngf6 12. O-O-O e6 13. f4 O-O-O 14. Bg2 Bb4
15. Qc4 Bxc3 16. Qxc3 Nd5 17. Qf3 N7b6 18. b3 Qd6 19. Kb2 Nc7 20. Bc1 Qb4 21.
c3 Qb5 22. Ka1 a5 23. c4 Qb4 24. Bd2 Qa3 25. Qc3 Qb4 26. Qb2 Qe7 27. Bxa5 Nba8
28. Rhe1 Qd6 29. Re5 f6 30. c5 Qd7 31. Re2 Rde8 32. Rde1 Nd5 33. Qd2 Nac7 34.
f5 exf5 35. Rxe8+ Rxe8 36. Rxe8+ Qxe8 37. gxf5 gxf5 38. Qf2 g6 39. Bd2 Qe6 40.
Bf1 Ne8 41. b4 g5 42. b5 f4 43. bxc6 Qxc6 44. h4 gxh4 45. Bxf4 Nxf4 46. Qxf4
Qh1 47. Kb2 h3 48. Qf5+ Kb8 49. Bxh3 Qc6 50. Qe6 Qxe6 51. Bxe6 Ng7 52. Bc4 Kc7
53. Kc3 b6 54. cxb6+ Kxb6 55. Kd3 Kc6 56. Ke4 Kd6 57. a4 Kc6 58. a5 Kd6 59. a6
Kc7 60. Kd5 Ne8 61. Kc5 Kb8 62. d5 f5 63. d6 Nf6 64. Kc6 Ka7 65. d7 Nxd7 66.
Kxd7 f4 67. Kc8 f3 68. Bf1 Ka8 69. Kc7 Ka7 70. Kd6 Kb6 71. Kd5 Ka7 72. Kd4 Kb6
73. Ke3 Ka7 74. Kxf3 Kb6 75. Ke4 Ka7 76. Kd5 Kb6 77. Kd6 Ka7 78. Kc6 1-0

[Event "CAN op"]
[Site "Calgary CAN"]
[Date "2023.07.25"]
[Round "5.47"]
[White "Yu, Ryan"]
[Black "Usselman, Paul"]
[Result "0-1"]
[WhiteElo "1540"]
[BlackElo "1781"]
[PlyCount "78"]
[EventDate "2023.07.22"]
[EventType "swiss"]
[EventRounds "10"]
[EventCountry "CAN"]

1. e4 c5 2. Nf3 a6 3. c4 e6 4. d4 cxd4 5. Nxd4 Nf6 6. e5 Qa5+ 7. Nc3 Qxe5+ 8.
Be2 Nc6 9. Nf3 Qc7 10. h3 Bb4 11. Bd2 O-O 12. Qc2 d5 13. a3 Bxc3 14. bxc3 dxc4
15. O-O b5 16. a4 Bd7 17. Rfd1 Ne5 18. Be3 Bc6 19. Nd4 Be4 20. Qc1 Bd3 21. Bf4
Bxe2 22. Nxe2 Nd5 23. Bg3 f6 24. Nd4 Qb6 25. axb5 Nd3 26. Qc2 axb5 27. Rab1 b4
28. Rxd3 cxd3 29. Qxd3 Ra3 30. Nb5 Qa6 31. Bd6 Rxc3 32. Qf1 Rfc8 33. Qe2 Rc1+
34. Rxc1 Rxc1+ 35. Kh2 e5 36. Qd2 Qc6 37. Na7 Qc4 38. Nb5 Rc2 39. Qe1 Qf4+ 0-1

[Event "CAN op"]
[Site "Calgary CAN"]
[Date "2023.07.25"]
[Round "5.48"]
[White "Chacon, Jose Eduardo"]
[Black "Yin, Zeming"]
[Result "0-1"]
[WhiteElo "1983"]
[BlackElo "1748"]
[PlyCount "102"]
[EventDate "2023.07.22"]
[EventType "swiss"]
[EventRounds "10"]
[EventCountry "CAN"]

1. d4 Nf6 2. Bf4 c5 3. d5 d6 4. Nc3 e5 5. dxe6 Bxe6 6. e4 Nc6 7. Nf3 Be7 8. Be2
O-O 9. h3 d5 10. exd5 Nxd5 11. Nxd5 Qxd5 12. Qxd5 Bxd5 13. c3 Rfe8 14. O-O Bf6
15. Rfe1 Re6 16. Bd3 Rae8 17. Kf1 Rxe1+ 18. Nxe1 Ne5 19. Bb5 Rd8 20. Bxe5 Bxe5
21. Nf3 Bf4 22. Be2 Kf8 23. Rd1 Ke7 24. b3 a6 25. Ke1 b5 26. c4 Bc6 27. Rxd8
Kxd8 28. cxb5 axb5 29. a3 Bc7 30. Kd2 Ke7 31. Kc3 Ba5+ 32. Kd3 f6 33. Nd2 Ke6
34. Bf3 Bxf3 35. Nxf3 Kd5 36. Nd2 f5 37. a4 Bxd2 38. Kxd2 bxa4 39. bxa4 Kc4 40.
Kc2 Kb4 41. a5 Kxa5 42. Kc3 Kb5 43. f3 g6 44. g4 Kc6 45. Kc4 f4 46. g5 Kb6 47.
Kd5 Kb5 48. Ke4 Kc4 49. Kxf4 Kd3 50. h4 c4 51. h5 gxh5 0-1

[Event "CAN op"]
[Site "Calgary CAN"]
[Date "2023.07.25"]
[Round "5.49"]
[White "Alpuri, Aaqil"]
[Black "Williamson, Jason"]
[Result "0-1"]
[WhiteElo "1704"]
[BlackElo "1890"]
[PlyCount "50"]
[EventDate "2023.07.22"]
[EventType "swiss"]
[EventRounds "10"]
[EventCountry "CAN"]

1. d4 Nf6 2. c4 g6 3. Nc3 Bg7 4. e4 d6 5. Nf3 O-O 6. Be2 e5 7. O-O Nc6 8. d5
Ne7 9. b4 Nd7 10. Nd2 f5 11. f3 f4 12. Nb3 g5 13. c5 h5 14. Bd2 Nf6 15. Be1 Rf7
16. Kh1 Bf8 17. Rc1 g4 18. Rg1 Ng6 19. Nb1 g3 20. hxg3 fxg3 21. Bxg3 h4 22. Bh2
Nh5 23. Qe1 Ng3+ 24. Bxg3 hxg3 25. Rf1 Qh4+ 0-1

[Event "CAN op"]
[Site "Calgary CAN"]
[Date "2023.07.25"]
[Round "5.50"]
[White "Skop, Mike"]
[Black "Hawkshaw, Kevin"]
[Result "1-0"]
[WhiteElo "1655"]
[BlackElo "1840"]
[PlyCount "91"]
[EventDate "2023.07.22"]
[EventType "swiss"]
[EventRounds "10"]
[EventCountry "CAN"]

1. c3 e5 2. Na3 d5 3. Nc2 c5 4. g3 Nc6 5. Nh3 Bd6 6. Bg2 Nf6 7. d3 O-O 8. O-O
h6 9. f3 Re8 10. Nf2 Qe7 11. e4 Be6 12. Qe2 Rad8 13. f4 dxe4 14. dxe4 exf4 15.
gxf4 Bc7 16. Qf3 Qd7 17. Ne3 Qc8 18. b3 b6 19. f5 Ne5 20. Qh3 Bd7 21. Nfg4 Nh7
22. Nd5 Nxg4 23. Qxg4 Kh8 24. Qh4 Be5 25. f6 Qc6 26. Bxh6 gxf6 27. Bf4 Bxf4 28.
Rxf4 f5 29. Raf1 Qg6 30. R1f3 Qe6 31. Rh3 Qg6 32. Nf6 Kg7 33. Nxe8+ Rxe8 34.
Rg3 Nf6 35. Rxg6+ fxg6 36. exf5 Bxf5 37. Rxf5 gxf5 38. Qg5+ Kf7 39. Qxf5 Kg7
40. Bf1 Re7 41. Bd3 Rf7 42. Bc4 Rf8 43. Qg5+ Kh7 44. Bd3+ Kh8 45. Qh6+ Kg8 46.
Bc4+ 1-0

[Event "CAN op"]
[Site "Calgary CAN"]
[Date "2023.07.25"]
[Round "5.52"]
[White "Aluko, Olanrewaju"]
[Black "Zou, Alex"]
[Result "1-0"]
[WhiteElo "1640"]
[BlackElo "1742"]
[PlyCount "83"]
[EventDate "2023.07.22"]
[EventType "swiss"]
[EventRounds "10"]
[EventCountry "CAN"]

1. d4 d5 2. e3 c5 3. c3 e6 4. Bd3 Nf6 5. f4 Nc6 6. Nf3 Be7 7. O-O O-O 8. Nbd2
cxd4 9. exd4 Ng4 10. Qe2 f5 11. Ne5 Nf6 12. Rf3 Nxe5 13. fxe5 Ne4 14. Rh3 Ng5
15. Rg3 f4 16. Rg4 h5 17. Rxg5 Bxg5 18. Qxh5 Bh6 19. Nf3 Rf7 20. Bg6 Rc7 21.
Bd2 Bd7 22. g4 Be8 23. g5 Bxg6 24. Qxg6 Qe8 25. Qxe8+ Rxe8 26. gxh6 gxh6 27.
Kf2 Rf8 28. Rg1+ Rg7 29. Rxg7+ Kxg7 30. Nh4 Kh7 31. Ng2 Kg6 32. Bxf4 Kh5 33.
Ke2 Rg8 34. Bg3 Kg4 35. Nf4 Kf5 36. Kf3 Rc8 37. Nh5 Rc6 38. Bf4 Ra6 39. a3 Rb6
40. Bc1 Rc6 41. Nf6 Rc7 42. Bxh6 1-0

[Event "CAN op"]
[Site "Calgary CAN"]
[Date "2023.07.25"]
[Round "5.53"]
[White "Sasata, Alexander"]
[Black "Yang, Vincent"]
[Result "0-1"]
[WhiteElo "1736"]
[BlackElo "1670"]
[PlyCount "61"]
[EventDate "2023.07.22"]
[EventType "swiss"]
[EventRounds "10"]
[EventCountry "CAN"]

1. d4 d5 2. c4 c6 3. Nc3 Nf6 4. Nf3 Bf5 5. cxd5 cxd5 6. Qb3 Qb6 7. Nxd5 Nxd5 8.
Qxd5 e6 9. Qb3 Qc7 10. Bd2 Nc6 11. e3 a6 12. Be2 Bd6 13. O-O O-O 14. Rac1 Qe7
15. Rfd1 Rac8 16. Be1 Rfd8 17. Qa4 Nb4 18. Bxb4 Bxb4 19. a3 Bd6 20. b4 Be4 21.
Qb3 b5 22. Ne1 Bd5 23. Qb1 f5 24. Rxc8 Rxc8 25. Bf3 Bc4 26. Nd3 g5 27. Nc5 Bxc5
28. dxc5 g4 29. Bxg4 fxg4 30. Qe4 Be2 31. Rd6 0-1

[Event "CAN op"]
[Site "Calgary CAN"]
[Date "2023.07.25"]
[Round "5.54"]
[White "Wharton, Kayode"]
[Black "Raman, Shanker"]
[Result "1-0"]
[WhiteElo "1728"]
[BlackElo "1601"]
[PlyCount "69"]
[EventDate "2023.07.22"]
[EventType "swiss"]
[EventRounds "10"]
[EventCountry "CAN"]

1. c4 c6 2. d4 d5 3. cxd5 cxd5 4. Nc3 Nf6 5. Nf3 Nc6 6. e3 Bg4 7. h3 Bh5 8. g4
Bg6 9. Ne5 Nxe5 10. dxe5 Nd7 11. Qxd5 e6 12. Qxb7 Qc8 13. Qxc8+ Rxc8 14. Bb5
Bb4 15. Bd2 Ke7 16. Nd5+ exd5 17. Bxb4+ Ke6 18. f4 f5 19. O-O Nb6 20. Rac1 Nc4
21. Bxc4 dxc4 22. Rfd1 fxg4 23. hxg4 Be4 24. Rd6+ Kf7 25. e6+ Kf6 26. e7+ Kf7
27. Rd4 Bf3 28. f5 h5 29. g5 h4 30. Kh2 h3 31. Rdxc4 Ra8 32. e4 a5 33. Ba3 Bg2
34. e5 Rh5 35. e6+ 1-0

[Event "CAN op"]
[Site "Calgary CAN"]
[Date "2023.07.25"]
[Round "5.55"]
[White "Santelices, Philip"]
[Black "Russell, Wesley"]
[Result "0-1"]
[WhiteElo "1622"]
[BlackElo "1723"]
[PlyCount "68"]
[EventDate "2023.07.22"]
[EventType "swiss"]
[EventRounds "10"]
[EventCountry "CAN"]

1. e4 c6 2. d4 d5 3. e5 c5 4. c3 Nc6 5. Bd3 cxd4 6. cxd4 Nxd4 7. Qa4+ Nc6 8.
Bd2 Qc7 9. f4 Bd7 10. Qc2 h6 11. Nf3 Rc8 12. Nc3 e6 13. O-O Bc5+ 14. Kh1 Nb4
15. Qb1 Nxd3 16. Qxd3 Ne7 17. Rac1 Qb6 18. b3 h5 19. Nh4 Bf2 20. Nf3 Nf5 21.
Nxd5 exd5 22. Rxc8+ Bxc8 23. Qxd5 O-O 24. Ba5 Qe3 25. Ng5 Qd4 26. Qf3 Bh4 27.
Qxh5 Bxg5 28. Qxg5 b6 29. Be1 Ne3 30. Rg1 Qe4 31. h4 Bb7 32. h5 Nxg2 33. Kh2
Qxf4+ 34. Bg3 Qxg5 0-1

[Event "CAN op"]
[Site "Calgary CAN"]
[Date "2023.07.25"]
[Round "5.56"]
[White "Wong, Ford"]
[Black "Lu, Aiden"]
[Result "0-1"]
[WhiteElo "1721"]
[BlackElo "1561"]
[PlyCount "90"]
[EventDate "2023.07.22"]
[EventType "swiss"]
[EventRounds "10"]
[EventCountry "CAN"]

1. d4 d5 2. c4 c6 3. Nf3 Nf6 4. Nc3 e6 5. Bg5 Nbd7 6. e3 Be7 7. Rc1 O-O 8. Bd3
dxc4 9. Bxc4 b5 10. Bd3 Bb7 11. O-O a6 12. Bb1 c5 13. Re1 Rc8 14. Ne5 Nxe5 15.
dxe5 Nd5 16. Bxe7 Qxe7 17. Ne4 Rc7 18. Qh5 h6 19. Nd6 Ba8 20. Qe2 Rb8 21. Qd3
g6 22. g3 Qg5 23. f4 Qg4 24. e4 Nxf4 25. Qe3 Nh3+ 26. Kg2 Ng5 27. Kf2 Rd8 28.
Rcd1 Rcd7 29. Ne8 Nh7 30. Rxd7 Rxd7 31. Nf6+ Nxf6 32. exf6 Qg5 33. Qxg5 hxg5
34. Ke3 e5 35. Rc1 c4 36. b3 Rd4 37. bxc4 bxc4 38. Rc3 Kf8 39. a3 Ke8 40. Ba2
Rxe4+ 41. Kd2 Bd5 42. Bb1 Rd4+ 43. Ke3 Kd7 44. Ke2 Be4 45. Ba2 Bd3+ 0-1